Odes en son honneur

Guardat en:
Dades bibliogràfiques
Autor principal: Verlaine, Paul
Format: Llibre
Idioma:Undetermined
Publicat: París, Francia Cluny 1942
Matèries:
Etiquetes: Afegir etiqueta
Sense etiquetes, Sigues el primer a etiquetar aquest registre!

MARC

LEADER 00000nam a2200000Ia 4500
008 170316s9999 xx 000 0 und d
040 |a cru BVZT 
090 |a 840 V-9od 
100 |a Verlaine, Paul 
245 |a Odes en son honneur 
260 |a París, Francia 
260 |b Cluny 
260 |c 1942 
300 |a 273 páginas 
650 |a LITERATURA FRANCESA 
999 |c 8068  |d 8068 
942 |c 15 D  |h 840 V-9od  |2 z